Quizzes
Events
Quiz Creation
Community
Videos
Private Events
Remove Ads
Sign In
Join for FREE
Feedback
Dark Mode
Quiz Categories
Sports
Geography
Music
Movies
Television
Just For Fun
Miscellaneous
History
Literature
Language
Science
Gaming
Entertainment
Religion
Holiday
For Kids
Quiz Lab
Recent
Popular Today
Quiz Kudos Today
Editor Picks
Curator Picks
Quizzes by...
Day
Popularity
Type
Ratings
Length
Year
Community
Subscriptions
Recent Discussions
Orange Saloon
Badges
Playlists
Quests
Create
Leaderboards
Showdown
Live 5
Trivia Bingo
Activity
Puzzle Library
Sporcle Events
Private Events
Virtual Trivia
Globe League
Become a Host
Pub Owners
SporcleCon
Opinionation
Our Games
Videos
Blog
Mobile Apps
Partnerships
Remove Ads and Go Orange
Feedback
Literature
Harry Potter
A Song of Ice and Fire
The Hunger Games
Literary Character
Shakespeare
Book
Author
Novel
Poem
Young Adult
Children's Books
Play
Lord of the Rings
Literature
Harry Potter
A Song of Ice and Fire
The Hunger Games
Literary Character
Shakespeare
Book
Author
Novel
Poem
Young Adult
Children's Books
Play
Lord of the Rings
Random Quiz
Search Sporcle
×
Editor Pick
Editor Pick
Literature
Young Adult
Type in answers that appear in a list
Type in answers that appear in a list
Classic
Best Score? Go Orange.
Roald Dahl Fill in the Blank Stats
Can you name the missing words from the selected Roald Dahl books?
By
oldkent
3m
14 Questions
1,912 Plays
1,912 Plays
1,912 Plays
Comments
Comments
Give Quiz Kudos
Give Quiz Kudos
-
- Ratings
hide this ad
Replay
Link that replays current quiz
Next Quiz
Link to next quiz in quiz playlist
You Got
0%
They Got
Avg Score
61%
Avg Friend Score
Upgrade to see
Score Distribution
Jump to the score distribution portion of the page
Score
0/14
Timer
03:00
0
Plays Today
Roald Dahl Book/Book of Poetry
Missing Word
% Correct
James and the Giant _
_
_
_
_
Peach
96.9%
Charlie and the _
_
_
_
_
_
_
_
_
Factory
Chocolate
95.3%
Fantastic Mr _
_
_
Fox
94.4%
Charlie and the Great Glass _
_
_
_
_
_
_
_
Elevator
87.6%
Danny, the _
_
_
_
_
_
_
_
of the World
Champion
67%
_
_
_
_
_
_
_
Matilda
65.4%
George's Marvellous _
_
_
_
_
_
_
_
Medicine
63.4%
Roald Dahl Book/Book of Poetry
Missing Word
% Correct
_
_
_
_
Trot
Esio
52.6%
The Giraffe and the _
_
_
_
_
and Me
Pelly
47.6%
_
_
_
_
_
Solo
Going
45.3%
The Magic _
_
_
_
_
_
Finger
43.8%
The _
_
_
_
_
_
_
_
Crocodile
Enormous
41.9%
Revolting _
_
_
_
_
_
Rhymes
38.5%
The Vicar of _
_
_
_
_
_
_
_
_
_
_
_
Nibbleswicke
16.4%
Quiz Playlist
Details
Report
Send in Message
Add To Playlist
Classic:
Type in answers that appear in a list
Last Updated: Feb 16, 2017
Editor Pick in
Literature
Quiz Scoreboard
CHALLENGE
Sign Up to Join the Scoreboard
Show All
Scores
Hide
Comments
May contain spoilers
Recently Published
Alphabetical 'K' Countries by Flag Minefield
by ylime102
Geography
3m
Pick 6: Fruits
by JohnFran
Miscellaneous
15s
Click the 1999 NBA Draft
by nibperrychub
Sports
2m
More to Explore
Quiz From the Vault
Featured Blog Post
15 Basketball Trivia Facts You Can Be March Mad About
hide this ad
You Might Also Like...
Tags
Book Quiz
Missing Word Quiz
Poem Quiz
Young Adult Quiz
blank
dahl
Roald Dahl
Selected
Today's Top Quizzes in Literature
Browse Literature
hide this ad
Today's Top Quizzes in Young Adult
Browse Young Adult
Top Contributed Quizzes in Literature
1
3-Word Books in 1 Word II
2
Mad Scientists in Literature
3
Image Sorting: Children's Book Characters
4
Harry Potter Logic Quiz New
5
Pick 3: Harry Potter Hogwarts Quidditch Players
6
Sneaky Slytherin Logic Puzzle
7
HP Logic Puzzle: 'Eyes green as fresh-picked toads...'
8
A Court of Thorns and Roses (ACoTaR) Logic Puzzle
9
Quick Pick: Literary Title Characters 1
10
Quick Pick: Margaret Atwood Novels
Explore More
Trending Topics
Harry Potter
Marvel
Anime
Crossword
Kpop
NBA
Disney
Song
Country
WWE
Pokémon
Puzzle
The Office
NFL
Soccer
hide this ad
More By:
oldkent
Quiz
Plays
Rating
Category
Featured
Created
Harry Potter: Family Relationships
326,776
4.35
Literature
Apr 5, 2010
Car Brands by Model
251,097
3.87
Miscellaneous
Dec 11, 2009
Mystery Countries!
248,160
4.56
Geography
Jun 16, 2010
Avoid the Fake Bond Title Words
219,524
4.20
Movies
Apr 28, 2013
Harry Potter Characters by Actor
208,497
4.24
Movies
May 28, 2010
Go to Creator's Profile
Score Distribution
Quiz Creator Spotlight
oldkent
Follow
Send a Message
Quizzes Created
-
Created Quiz Play Count
-
More By This Creator
Popular Quizzes Today
1
Pick 6: Fruits
2
Find the US States - No Outlines Minefield
3
Countries of Asia Without Outlines Minefield
4
Alphabetical 'K' Countries by Flag Minefield
5
The Countries of the World
6
Click the 1999 NBA Draft
7
Match the Book to the Film X
8
Find the US States
More Literature Quizzes
Get the Picture: The Hunger Games 1 - Book or Movie?
Curator's Pick
Trending Quizzes
Donkey Kong Minefield
Multiplication Danger Zone
DC Extended Universe: Oldest to Newest
The 3rd Thing You Need to Know: Actresses
Minefield Map: North American Capitals
Recently Updated
Women's Final Four Teams by Year
bhenderson79
Presidents Quartet II
eogle
Anything But Clue(do)
eogle
Anything But Oceanian Capitals
eogle
Anything But 7
eogle
Anything But Thing
eogle
Word Ladder: February 29
pecheneg
Song Title Questions
pecheneg
Women's NCAA Tournament #1 Seeds
pecheneg
Celebrity Mug Shots
pecheneg
Trending Topics
Disney
Anime
Kpop
Harry Potter
NBA
Crossword
Marvel
Song
Soccer
NFL
WWE
Country
Pokémon
Puzzle
The Office
Your Account Isn't Verified!
In order to create a playlist on Sporcle, you need to verify the email address you used during registration. Go to your
Sporcle Settings
to finish the process.
Report this User
Report this user for behavior that violates our
Community Guidelines
.
Details:
Send Report
Go to the Sporcle.com Mobile Site →
Comments